Sports Quiz

Random Sports or NBA Quiz

Athletes who wore #37 thru #39 Quiz Stats

 Plays Quiz not verified by Sporcle

Challenge
Share
Tweet
Embed
Score 0/25 Timer 07:00
0 Plays Today
number Player % Correct
37Steven Alexander
50%
37Ron Artest
41.9%
37Stephen Strasburg
40.3%
38Curt Schilling
35.5%
39Steven Jackson
35.5%
39Larry Csonka
32.3%
37Casey Stengel
30.6%
38Carlos Zambrano
30.6%
38Jason Bay
27.4%
39Willie Parker
27.4%
39Roy Campanella
25.8%
37Nuke LaLoosh
22.6%
38Roy Williams
22.6%
number Player % Correct
38Brian Wilson
21%
37Doak Walker
17.7%
37Jimmy Johnson
16.1%
38Jeremy Bonderman
16.1%
39Rick DiPietro
16.1%
39Lawrence Maroney
16.1%
37Patrice Bergeron
14.5%
38Ubaldo Jimenez
14.5%
39Ryan Miller
14.5%
39Hugh McElhenny
8.1%
39Nicolas Anelka
8.1%
37Jason McKie
4.8%

You're not logged in!

Compare scores with friends on all Sporcle quizzes.
Join for Free
OR
Log In

You Might Also Like...

Show Comments

Extras

Top Quizzes Today


Score Distribution

Your Account Isn't Verified!

In order to create a playlist on Sporcle, you need to verify the email address you used during registration. Go to your Sporcle Settings to finish the process.

Report this User

Report this user for behavior that violates our Community Guidelines.

Details: